00319nam a2200121Ia 4500008004100000020001800041041000800059082002800067100003200095245002400127260003700151300000900188230411s9999 xx 000 0 und d a81-8147-757-X aeng aPH/615.1/OPI/GER/B02581 aOpie Lionel & Gersh Bernard aDrugs for the Heart bSaunders Co.aPhiladelphiac2005 a437p